Reforming economic systems in developing countries

Zapisane w:
Opis bibliograficzny
1. autor: Dwight H. Perking
Format: Książka
Język:Undetermined
Wydane: New York Harvard Univ
Hasła przedmiotowe:
Etykiety: Dodaj etykietę
Nie ma etykietki, Dołącz pierwszą etykiete!
Thư viện lưu trữ: Trung tâm Học liệu Trường Đại học Cần Thơ
LEADER 00487nam a2200157Ia 4500
001 CTU_6314
008 210402s9999 xx 000 0 und d
082 |a 330.99 
082 |b P448 
100 |a Dwight H. Perking 
245 0 |a Reforming economic systems in developing countries 
245 0 |c Dwight H. Perking, Micheal Roemer 
260 |a New York 
260 |b Harvard Univ 
650 |a developing countries - economic policy 
980 |a Trung tâm Học liệu Trường Đại học Cần Thơ